01244nam a2200301 i 450000100060000000300090000600500170001500700030003200800410003502000180007604000220009408000210011610000230013724501850016026000330034530000300037849000360040850501140044470000360055870000300059470000310062474000290065574000420068483000440072685200330077099900170080395201220082066626ES-MaACL20230906165736.0t|010618s2001 sp ||||0| spa d a84-8017-146-4 aM-BN bspa cM-BN a821.134.2-14"19"1 aGen-Möra.95629010aMareas humanas b: (poemas) / cGen-Möra, Victoria Pereira-Lía ; prólogo de José Bárcena ; epílogo de Pablo Valladolid ; [dibujos interiores de Aurora Martín Casado]. aMadrid : bBetania, c[2001] a103 p. : bil. ; c21 cm.1 aColección Betania de poesía8 aContiene: Cuna de sal__ es la mar / Gen Möra. Donde el agua dejó de ser silencio / Victoria Pereira-Lía1 aPereira-Lía, Victoria.9904881 aBárcena, José.9255321 aValladolid, Pablo.91127380 aCuna de sal__ es la mar.0 aDonde el agua dejó de ser silencio.0 aColección Betania de poesía9179829 aES-MaACLjL-27098 bR.132612 c66626d66626 00104070aATENEOMbATENEOMcDEPO2d2008-01-17eSCl0oL-27098p1069788r2023-02-23 00:00:00w2023-02-23yMONOGRAFIA